Tutti i Paesi Moderni Controllati dagli Anglo-sassoni - Statistics

Statistiche generali
  • Questo quiz è stato fatto 1.820 volte
  • Il punteggio medio è 141 su 178
Risposte nella Mappa
Le risposte nella mappa del quiz sottostante sono codificate secondo una scala di colori dal rosso al verde in base alla % di persone che hanno risposto correttamente.
 
Statistiche sulle risposte
Country % Corretto
Stati Uniti
97%
Canada
95%
Italia
93%
Messico
93%
Brasile
92%
Francia
92%
Russia
91%
Spagna
91%
Argentina
90%
Australia
90%
Germania
90%
Portogallo
90%
Regno Unito
90%
Cile
89%
Danimarca
89%
India
89%
Irlanda
89%
Perù
89%
Austria
88%
Cuba
88%
Egitto
88%
Finlandia
88%
Grecia
88%
Islanda
88%
Norvegia
88%
Svezia
88%
Svizzera
88%
Belgio
87%
Bolivia
87%
Colombia
87%
Iran
87%
Libia
87%
Madagascar
87%
Paesi Bassi
87%
Paraguay
87%
Polonia
87%
Romania
87%
Slovenia
87%
Sudafrica
87%
Tunisia
87%
Ucraina
87%
Uruguay
87%
Venezuela
87%
Albania
86%
Bielorussia
86%
Bulgaria
86%
Croazia
86%
Estonia
86%
Iraq
86%
Lettonia
86%
Lituania
86%
Nuova Zelanda
86%
Repubblica Ceca
86%
Slovacchia
86%
Turchia
86%
Bosnia ed Erzegovina
85%
Ecuador
85%
Indonesia
85%
Israele
85%
Moldavia
85%
Pakistan
85%
Panama
85%
Repubblica del Congo
85%
Repubblica Democratica del Congo
85%
Serbia
85%
Ungheria
85%
Yemen
85%
Etiopia
84%
Kosovo
84%
Montenegro
84%
Oman
84%
Somalia
84%
Sudan
84%
Afghanistan
83%
Cina
83%
Eritrea
83%
Filippine
83%
Nepal
83%
Siria
83%
Bangladesh
82%
Emirati Arabi Uniti
82%
Guyana
82%
Lussemburgo
82%
Papua Nuova Guinea
82%
Sri Lanka
82%
Suriname
82%
Cipro
81%
Giordania
81%
Haiti
81%
Macedonia del Nord
81%
Malta
81%
Nigeria
81%
Qatar
81%
Arabia Saudita
80%
Honduras
80%
Kenya
80%
Libano
80%
Nicaragua
80%
Sud Sudan
80%
Costa Rica
79%
El Salvador
79%
Malesia
79%
Repubblica Dominicana
79%
Belize
78%
Bhutan
78%
Birmania
78%
Guatemala
78%
Lesotho
78%
Angola
77%
Georgia
77%
Giamaica
77%
Senegal
77%
Turkmenistan
77%
Bahamas
76%
Giappone
76%
Kuwait
75%
Maldive
75%
Namibia
75%
Tanzania
75%
Togo
75%
Vietnam
75%
Botswana
74%
Ghana
74%
San Marino
74%
Zambia
74%
Zimbabwe
74%
Andorra
73%
Capo Verde
73%
Città del Vaticano
73%
Liechtenstein
73%
Mozambico
73%
Repubblica Centrafricana
73%
Stati Federati di Micronesia
73%
Uganda
73%
Marocco
72%
Burundi
71%
Camerun
71%
Figi
71%
Gibuti
71%
Mauritania
71%
Seychelles
71%
Ruanda
70%
Swaziland
70%
Isole Marshall
69%
Guinea-Bissau
68%
Isole Salomone
68%
Malawi
68%
Mauritius
68%
Sierra Leone
68%
Benin
67%
Dominica
67%
Monaco
67%
Palau
67%
Santa Lucia
67%
Trinidad e Tobago
67%
Tuvalu
67%
Algeria
66%
Kiribati
66%
Singapore
66%
Brunei
65%
Gabon
65%
Gambia
65%
Nauru
65%
Sao Tome e Principe
65%
Vanuatu
65%
Barbados
64%
Saint Kitts e Nevis
64%
Samoa
64%
Tonga
64%
Antigua e Barbuda
63%
Bahrain
63%
Guinea Equatoriale
62%
Saint Vincent e Grenadine
62%
Timor Est
62%
Taiwan
61%
Grenada
59%
Azerbaijan
56%
Nessun quiz corrispondente trovato
Distribuzione punteggi
Percentuale di utenti per punteggio
Percentile per numero di risposta
I tuoi punteggi nel tempo
Non hai fatto questo quiz